Selekcjonerzy reprezentacji Anglii - nagła śmierć - Statystyki

Ogólne statystyki
  • Ten quiz został rozwiązany 58 razy
  • Średni wynik to 5 z 6
Answers on the Grid
Answers color-coded by a green-red scale on the quiz's grid according to % correct below.
Gareth Southgate
Thomas Tuchel
Alex Ferguson
Ryan Giggs
Pep Guardiola
Roy Hodgson
David Moyes
Fabio Capello
Rúben Amorim
Sven-Göran Eriksson
Kevin Keegan
Mikel Arteta
 
Statystyki odpowiedzi
Odpowiedź % Poprawnych
Gareth Southgate
93%
Roy Hodgson
80%
Sven-Göran Eriksson
72%
Thomas Tuchel
72%
Fabio Capello
70%
Kevin Keegan
67%
Nie znaleziono quizów pasujących do podanych kryteriów
Rozkład punktacji
Procent ludzi z każdym wynikiem
Percentyl według liczby udzielonych odpowiedzi
Twoja historia wyników
Nie rozwiązałeś tego quizu